=LDR 00000nam 2200000 4500 =001 NUTBA000000000000788 =005 20140401174209.0 =006 =007 =008 =020 ##$$a 979-006-163-3 =035 ##$$0010-041400000000058 =040 ##$$b Ind =090 ##$$a 633.64 $bPan $cp =100 ##$$a - =245 ##$$a Panduan lengkap budidaya dan bisnis cabai =260 ##$$a jakarta $b Agro media $c2010 =300 ##$$a vi,187 $bIllus $c 25 cm =650 ##$$a Budi daya $xCabai =850 ##$$a nbpdmat =990 ##$$a 21105599 =990 ##$$a 92398/BPAP-NTB/2014 =990 ##$$a 0001/BPAP-NTB/20142014